000 01435naa a2200409 c 4500
001 30453
003 ES-MaCES
005 19981124161100.0
008 980123n1997 sp ||| | spa d
035 _aCES19980044031v
040 _aES-MaCES
_bspa
_cES-MaCES
100 1 _aFlavián Blanco, Carlos
_912173
245 1 0 _aProductos consumidores versus productos ahorradores de tiempo
_b: un estudio exploratorio
_cCarlos Flavián Blanco, Eva Martínez Salinas, Yolanda Polo Redondo
504 _aBibliografía
650 4 _acuadros estadísticos
_928890
650 4 _aanálisis estadístico
_928889
650 4 _aEspaña
_926964
650 4 _acalidad de la vida
_929237
650 4 _acondición social
_927298
650 4 _acambio social
_927286
650 4 _afactor tiempo
_928906
650 4 _aahorro
_928137
650 4 _adistribución del gasto
_930938
650 4 _abien de consumo
_927906
650 4 _apresupuesto familiar
_927910
650 4 _amujeres
_928657
650 4 _ahogar
_927911
650 4 _acomportamiento del consumidor
_927903
650 4 _aconsumo
_927907
653 1 0 _aConsumo
700 1 _aPolo Redondo, Yolanda
_921188
700 1 _aMartínez Salinas, Eva
_917917
773 0 _tDistribución y consumo
_gMadrid. - Año 8, n. 37 (dic. 1997-en. 1998) ; p. 146-157
_w(ES-MaCES)25541
902 _aART Artículo de revista
942 _2CES
_cAR
_h3.2.
999 _c30453
_d30453